000 00282nam a2200121Ia 4500
008 190216s9999||||xx |||||||||||||| ||und||
100 _aMaradu Reghunath
245 0 _aAgni Rekha
260 _bC I C C Book House
_c1976
300 _a91p
650 _aMalayalam Nadakam
942 _cBK
999 _c26052
_d26052